[Event "Interclubs Adultes"]
[Site "LYON OE"]
[Date "2008.02.10"]
[Round "7.7"]
[White "Minet, Steve"]
[Black "Graca, Robert"]
[Result "0-1"]
[WhiteElo "2152"]
[BlackElo "2075"]
[PlyCount "146"]
[EventDate "2008.02.10"]
[WhiteTeam "Besançon T.P.G."]
[BlackTeam "Creteil"]

1. e4 c5 2. Nf3 d6 3. Bb5+ Bd7 4. Bxd7+ Qxd7 5. O-O Nc6 6. c3 Nf6 7. Re1 e6 8.
d4 cxd4 9. cxd4 d5 10. exd5 Nxd5 11. Nc3 Be7 12. Bg5 Bxg5 13. Nxg5 O-O 14. Qd3
Nf6 15. Nce4 Nxe4 16. Qxe4 g6 17. Qh4 h5 18. Rad1 Kg7 19. Ne4 Qe7 20. Qf4 Rad8
21. Nc3 Qb4 22. Ne4 Rxd4 23. Qf6+ Kg8 24. Ng3 Rfd8 25. Rc1 Qd2 26. f3 Qf4 27.
Qxf4 Rxf4 28. Ne4 Rf5 29. Nc5 Nb4 30. Nxb7 Rd2 31. Red1 Rxb2 32. Rb1 Rxb1 33.
Rxb1 Nxa2 34. Ra1 Rb5 35. Nd6 Rb2 36. Nc4 Rc2 37. Kf1 Kf8 38. Ne5 Rc1+ 39. Rxc1
Nxc1 40. Ke1 Nb3 41. Kd1 g5 42. Kc2 Nc5 43. Kc3 f6 44. Nc6 a6 45. Kc4 Nd7 46.
Nb4 Ne5+ 47. Kb3 Ke7 48. Nxa6 Nd3 49. Kc3 Ne1 50. Kd2 Nxg2 51. Nc5 Nf4 52. Ne4
Kf7 53. Ke3 Kg6 54. Nc5 Kf5 55. Ne4 Nd5+ 56. Kf2 h4 57. Nc5 e5 58. Ne4 g4 59.
Nc5 gxf3 60. Kxf3 Nf4 61. Ne4 Kg6 62. Nc5 h3 63. Kg3 Kf5 64. Kf3 Ne6 65. Nd7
Ng5+ 66. Kg3 e4 67. Nc5 e3 68. Nd3 Ke4 69. Nf4 f5 70. Nh5 Kd3 71. Nf4+ Kd2 72.
Kh4 Ne4 73. Nxh3 e2 0-1

[Event "Interclubs Adultes"]
[Site "LYON OE"]
[Date "2008.02.10"]
[Round "7.8"]
[White "L'Huillier, Helene"]
[Black "Lamotte, Gaelle"]
[Result "1/2-1/2"]
[WhiteElo "2010"]
[BlackElo "1915"]
[PlyCount "157"]
[EventDate "2008.02.10"]
[WhiteTeam "Creteil"]
[BlackTeam "Besançon T.P.G."]

1. d4 e6 2. c4 Nf6 3. Nc3 Bb4 4. e3 b6 5. Nf3 Bb7 6. Bd3 Ne4 7. Bd2 Nxd2 8.
Qxd2 d5 9. cxd5 exd5 10. O-O O-O 11. Qc2 h6 12. Rac1 Nd7 13. Qb3 Bxc3 14. Qxc3
Rc8 15. Bb1 c5 16. Qd3 Nf6 17. Ne5 Qe7 18. Rc3 Rc7 19. Rfc1 Rfc8 20. h3 c4 21.
Qf5 g6 22. Qf4 Kg7 23. e4 b5 24. a3 dxe4 25. Re1 Nd5 26. Qg3 Nxc3 27. bxc3 Qg5
28. Qxg5 hxg5 29. Bxe4 Bxe4 30. Rxe4 Re8 31. Re3 f6 32. Ng4 Rxe3 33. Nxe3 Kf7
34. Kf1 Rc6 35. Ke2 Ra6 36. Nc2 Ke6 37. Ke3 f5 38. Kf3 Kf6 39. g3 Re6 40. Ne3
Ke7 41. h4 gxh4 42. gxh4 Kf7 43. Kf4 Ra6 44. Nc2 Kf6 45. f3 Ra5 46. Ke3 g5 47.
hxg5+ Kxg5 48. d5 Ra6 49. Kd4 Kf4 50. Kc5 Ke5 51. Kxb5 Rd6 52. Nb4 Rd7 53. Kxc4
Rc7+ 54. Nc6+ Kf4 55. Kd4 Kxf3 56. c4 f4 57. Ne5+ Ke2 58. d6 Rc8 59. c5 f3 60.
Ng4 Rg8 61. Ne3 Re8 62. Ng4 Rg8 63. Nh2 f2 64. d7 Rh8 65. Nf1 Kxf1 66. c6 Rd8
67. Ke5 Kg2 68. c7 Rh8 69. c8=Q f1=Q 70. d8=Q Qe2+ 71. Kf5 Qf3+ 72. Ke5 Qe3+
73. Kf5 Qh3+ 74. Kf4 Qxc8 75. Qd2+ Kf1 76. Qd1+ Kg2 77. Qf3+ Kg1 78. Qd1+ Kg2
79. Qf3+ 1/2-1/2

[Event "Interclubs Adultes"]
[Site "LYON OE"]
[Date "2008.02.10"]
[Round "7.1"]
[White "Lazarev, Vladimir"]
[Black "Velikov, Petar"]
[Result "1/2-1/2"]
[WhiteElo "2488"]
[BlackElo "2410"]
[PlyCount "33"]
[EventDate "2008.02.10"]
[WhiteTeam "Lyon Olympique Echecs"]
[BlackTeam "Vincennes"]

1. d4 d5 2. c4 c6 3. Nf3 Nf6 4. e3 Bg4 5. cxd5 Bxf3 6. Qxf3 cxd5 7. Nc3 Nc6 8.
Bd3 e6 9. Qg3 g6 10. f4 Bd6 11. O-O Nh5 12. Qh3 f5 13. Bd2 O-O 14. g4 Nf6 15.
g5 Ne8 16. Rac1 Bb4 17. Rc2 1/2-1/2

[Event "Interclubs Adultes"]
[Site "LYON OE"]
[Date "2008.02.10"]
[Round "7.2"]
[White "Elbilia, Jacques"]
[Black "Doncea, Vladimir"]
[Result "1-0"]
[WhiteElo "2351"]
[BlackElo "2444"]
[PlyCount "66"]
[EventDate "2008.02.10"]
[WhiteTeam "Vincennes"]
[BlackTeam "Lyon Olympique Echecs"]

1. d4 Nf6 2. c4 c5 3. d5 g6 4. Nc3 Bg7 5. e4 d6 6. f4 O-O 7. Nf3 e6 8. Be2 exd5
9. cxd5 Bg4 10. O-O Nbd7 11. Re1 Re8 12. h3 Bxf3 13. Bxf3 Qa5 14. Be3 b5 15. a3
Nb6 16. e5 Nc4 17. exf6 Nxe3 18. Rxe3 Rxe3 19. fxg7 Rae8 20. Qd2 b4 21. Ne2 Qa6
22. Ng3 bxa3 23. Rxa3 Rxa3 24. bxa3 Qxa3 25. Ne4 Qa1+ 26. Kh2 Rd8 27. Qf2 Kxg7
28. Qh4 f6 29. Qg4 f5 30. Qg5 fxe4 31. Qe7+ Kh6 32. g4 Qa2+ 33. Kg3 exf3 1-0

[Event "Interclubs Adultes"]
[Site "LYON OE"]
[Date "2008.02.10"]
[Round "7.3"]
[White "Vernay, Clovis"]
[Black "Fayard, Alain"]
[Result "1/2-1/2"]
[WhiteElo "2391"]
[BlackElo "2324"]
[PlyCount "73"]
[EventDate "2008.02.10"]
[WhiteTeam "Lyon Olympique Echecs"]
[BlackTeam "Vincennes"]

1. d4 Nf6 2. c4 e6 3. g3 Bb4+ 4. Bd2 Qe7 5. Nc3 d5 6. Bg2 O-O 7. Nf3 dxc4 8. a3
Bxc3 9. Bxc3 Nd5 10. Ne5 Nxc3 11. bxc3 c5 12. O-O cxd4 13. cxd4 Nc6 14. Nxc6
bxc6 15. Qa4 Bd7 16. Rac1 e5 17. dxe5 Qxe5 18. Qxc4 Rac8 19. Qc5 Qxc5 20. Rxc5
Rc7 21. Rfc1 Rfc8 22. e4 Kf8 23. e5 Rb7 24. a4 Rb4 25. a5 Rb5 26. Rxb5 cxb5 27.
Rxc8+ Bxc8 28. Kf1 Ke7 29. Ke2 f6 30. exf6+ gxf6 31. Ke3 Kd6 32. Kd4 Be6 33.
Bf1 Bd7 34. Bd3 h6 35. f3 Bc6 36. Be2 Bd5 37. Bxb5 1/2-1/2

[Event "Interclubs Adultes"]
[Site "LYON OE"]
[Date "2008.02.10"]
[Round "7.4"]
[White "Schabanel, Stephane"]
[Black "Renaze, Luc"]
[Result "1/2-1/2"]
[WhiteElo "2263"]
[BlackElo "2316"]
[PlyCount "46"]
[EventDate "2008.02.10"]
[WhiteTeam "Vincennes"]
[BlackTeam "Lyon Olympique Echecs"]

1. e4 e5 2. Nf3 Nc6 3. Bb5 a6 4. Ba4 Nf6 5. O-O b5 6. Bb3 Bc5 7. a4 Rb8 8. c3
d6 9. d4 Bb6 10. a5 Ba7 11. h3 h6 12. Re1 O-O 13. Be3 Re8 14. dxe5 Bxe3 15.
exf6 Bc5 16. e5 Nxe5 17. Nxe5 dxe5 18. Qxd8 Rxd8 19. Rxe5 Bd6 20. Re2 b4 21.
Nd2 bxc3 22. bxc3 Bf4 23. Bc2 Bxh3 1/2-1/2

[Event "Interclubs Adultes"]
[Site "LYON OE"]
[Date "2008.02.10"]
[Round "7.5"]
[White "Benitah, Yohan"]
[Black "Rabeyrin, Jean-Jacques"]
[Result "1/2-1/2"]
[WhiteElo "2413"]
[BlackElo "2314"]
[PlyCount "39"]
[EventDate "2008.02.10"]
[WhiteTeam "Lyon Olympique Echecs"]
[BlackTeam "Vincennes"]

1. d4 d5 2. c4 c6 3. e3 Nf6 4. Nc3 e6 5. Nf3 Nbd7 6. Qc2 Bd6 7. g4 dxc4 8. Bxc4
e5 9. Bd2 exd4 10. Nxd4 Ne5 11. Be2 Bxg4 12. f3 Bh3 13. O-O-O Qe7 14. Rdg1 g6
15. Nd1 Ned7 16. Nf2 Be6 17. Nxe6 fxe6 18. Kb1 O-O-O 19. a3 Kb8 20. Rc1 1/2-1/2

[Event "Interclubs Adultes"]
[Site "LYON OE"]
[Date "2008.02.10"]
[Round "7.6"]
[White "Jablonski, Noham"]
[Black "Ravot, Sylvain"]
[Result "1/2-1/2"]
[WhiteElo "2268"]
[BlackElo "2241"]
[PlyCount "102"]
[EventDate "2008.02.10"]
[WhiteTeam "Vincennes"]
[BlackTeam "Lyon Olympique Echecs"]

1. e4 c5 2. Nf3 e6 3. d4 cxd4 4. Nxd4 a6 5. c4 Nf6 6. Nc3 Qc7 7. Be2 Bb4 8. Qd3
Nc6 9. Nxc6 bxc6 10. O-O Be7 11. f4 d6 12. Qg3 g6 13. b3 Rg8 14. e5 Nd7 15.
exd6 Qxd6 16. Be3 Qc7 17. Qf2 c5 18. Bf3 Bb7 19. Na4 Rc8 20. Rad1 Bxf3 21. Qxf3
Qc6 22. Qxc6 Rxc6 23. Rd3 f5 24. Rfd1 Nf6 25. h3 Kf7 26. Kf1 Rgc8 27. Ke2 Ke8
28. Kf3 h5 29. g3 R8c7 30. Bd2 Rd7 31. Rxd7 Nxd7 32. Bc3 g5 33. Nb2 g4+ 34.
hxg4 hxg4+ 35. Ke3 Bf6 36. Na4 Bxc3 37. Nxc3 Ke7 38. Rh1 Rc8 39. Rh7+ Kd6 40.
Rh6 Ke7 41. Rh7+ Kd6 42. Kd3 Nf6 43. Ra7 Rc6 44. a3 e5 45. fxe5+ Kxe5 46. b4
cxb4 47. axb4 Ne4 48. Nxe4 fxe4+ 49. Kc3 Rd6 50. c5 Rd3+ 51. Kc4 Rd4+ 1/2-1/2

[Event "Interclubs Adultes"]
[Site "LYON OE"]
[Date "2008.02.10"]
[Round "7.7"]
[White "Safranska, Anda"]
[Black "Lohou, Stephane"]
[Result "1-0"]
[WhiteElo "2299"]
[BlackElo "2138"]
[PlyCount "59"]
[EventDate "2008.02.10"]
[WhiteTeam "Lyon Olympique Echecs"]
[BlackTeam "Vincennes"]

1. e4 c5 2. Nf3 e6 3. d3 Nc6 4. g3 d6 5. Bg2 Nf6 6. O-O Be7 7. Re1 O-O 8. c3
Rb8 9. d4 b6 10. Bf4 Nh5 11. Be3 Nf6 12. Nfd2 Re8 13. h3 b5 14. e5 Nd5 15. exd6
Bxd6 16. dxc5 Be7 17. Nf1 Nxe3 18. Nxe3 Qc7 19. b4 a5 20. a3 Bb7 21. f4 Rbd8
22. Qe2 Na7 23. Nd2 Bf6 24. Rac1 axb4 25. axb4 Bxg2 26. Kxg2 g6 27. Ne4 Be7 28.
Ra1 Nc6 29. Ra6 Rd7 30. Qf3 1-0

[Event "Interclubs Adultes"]
[Site "LYON OE"]
[Date "2008.02.10"]
[Round "7.8"]
[White "Descroix, Claire"]
[Black "Mehiaoui, Dounia"]
[Result "1/2-1/2"]
[WhiteElo "1640"]
[BlackElo "1861"]
[PlyCount "104"]
[EventDate "2008.02.10"]
[WhiteTeam "Vincennes"]
[BlackTeam "Lyon Olympique Echecs"]

1. f4 d5 2. Nf3 c5 3. e3 Nc6 4. b3 Nf6 5. Bb2 Bg4 6. Be2 e6 7. O-O Be7 8. Ne5
Bxe2 9. Qxe2 O-O 10. d3 Rc8 11. Nd2 Qc7 12. Ndf3 Ne8 13. Nxc6 Qxc6 14. Ne5 Qc7
15. Qh5 Nf6 16. Qh3 Rfd8 17. Rf3 d4 18. e4 b5 19. Raf1 Bd6 20. Ng4 Nxg4 21.
Qxg4 Bf8 22. f5 e5 23. f6 g6 24. Rh3 Qd7 25. Qh4 h5 26. Rff3 Qg4 27. Qf2 Bh6
28. Kh1 Bf4 29. Qe1 Rd6 30. Bc1 Rxf6 31. Bxf4 Rxf4 32. Rfg3 Qe6 33. Rxh5 Qf6
34. Kg1 Kf8 35. Rh6 Ke7 36. Rhh3 Rh8 37. Rxh8 Qxh8 38. Rh3 Qf6 39. Rg3 a6 40.
Qe2 Kd6 41. Rf3 Rxf3 42. gxf3 Qf4 43. Qd1 Qe3+ 44. Kg2 Ke6 45. a4 b4 46. Kf1 f5
47. Qe2 f4 48. Qf2 a5 49. Kg2 Qc1 50. Kh3 g5 51. Qg2 Kf6 52. Qf2 Kg6 1/2-1/2

[Event "Interclubs Adultes"]
[Site "LYON OE"]
[Date "2008.02.10"]
[Round "7.1"]
[White "Romero Holmes, Alfonso"]
[Black "Istratescu, Andrei"]
[Result "0-1"]
[WhiteElo "2526"]
[BlackElo "2617"]
[PlyCount "92"]
[EventDate "2008.02.10"]
[WhiteTeam "Avignon"]
[BlackTeam "Belfort"]

1. d4 Nf6 2. Nf3 e6 3. g3 b6 4. Bg2 Bb7 5. c4 c5 6. d5 exd5 7. Nh4 b5 8. Nc3
bxc4 9. Nxd5 Bxd5 10. Bxd5 Nxd5 11. Qxd5 Nc6 12. Nf5 Qf6 13. Bf4 Qe6 14. O-O-O
Qxd5 15. Rxd5 Nb4 16. Re5+ Kd8 17. a3 f6 18. Re4 d5 19. Rd1 Nd3+ 20. exd3 dxe4
21. dxe4+ Ke8 22. Bc7 Kf7 23. Ba5 Ke6 24. Ne3 Be7 25. Nxc4 f5 26. exf5+ Kxf5
27. Re1 Rhe8 28. Re5+ Kg4 29. Kd1 g6 30. h4 Kf3 31. h5 Kxf2 32. hxg6 hxg6 33.
Re6 g5 34. Bc7 Bf8 35. Rf6+ Kg2 36. Rg6 Re4 37. b3 Be7 38. Ra6 Rf8 39. Rxa7
Rf1+ 40. Kc2 Rf2+ 41. Kd1 Rd4+ 42. Kc1 Rd3 43. Rb7 Bf6 44. a4 Bc3 45. Rb5 Bb4
46. a5 Rc3+ 0-1

[Event "Interclubs Adultes"]
[Site "LYON OE"]
[Date "2008.02.10"]
[Round "7.2"]
[White "Szabo, Gergely-Andras-Gyula"]
[Black "Hinks-Edwards, Thomas R J"]
[Result "1-0"]
[WhiteElo "2509"]
[BlackElo "2380"]
[PlyCount "59"]
[EventDate "2008.02.10"]
[WhiteTeam "Belfort"]
[BlackTeam "Avignon"]

1. e4 c5 2. c3 Nf6 3. e5 Nd5 4. d4 cxd4 5. Nf3 Nc6 6. Bc4 Nb6 7. Bb3 d5 8. exd6
Qxd6 9. O-O Be6 10. Na3 Bxb3 11. Qxb3 Qd5 12. Nb5 O-O-O 13. Nxa7+ Nxa7 14. Qxb6
Nc6 15. Nxd4 Nxd4 16. cxd4 Qxd4 17. Qa5 Qd5 18. Qa7 Kd7 19. Be3 Ke8 20. Bb6 Rc8
21. Rac1 Qd7 22. Rxc8+ Qxc8 23. Qa4+ Qc6 24. Qa8+ Kd7 25. Qd8+ Ke6 26. Re1+ Kf6
27. Qd4+ Kg6 28. Qg4+ Kh6 29. Be3+ g5 30. Qxg5# 1-0

[Event "Interclubs Adultes"]
[Site "LYON OE"]
[Date "2008.02.10"]
[Round "7.3"]
[White "Pieroni, Guillaume"]
[Black "Butunoi, Alexandru"]
[Result "0-1"]
[WhiteElo "2216"]
[BlackElo "2395"]
[PlyCount "52"]
[EventDate "2008.02.10"]
[WhiteTeam "Avignon"]
[BlackTeam "Belfort"]

1. e4 g6 2. d4 Bg7 3. Nc3 c6 4. Bc4 d6 5. Qf3 e6 6. Nge2 b5 7. Bb3 a5 8. a3 Ba6
9. Nd1 Nd7 10. c3 c5 11. Bf4 Qb6 12. O-O Ne7 13. Ne3 O-O 14. Qh3 Nf6 15. Bg5
Nc6 16. Qh4 cxd4 17. cxd4 Nxd4 18. Nxd4 Qxd4 19. Nc2 Qxb2 20. Rab1 Qe5 21. Bf4
Qxe4 22. Rfe1 Qc6 23. Nd4 Qb6 24. Nxe6 fxe6 25. Rxe6 Kh8 26. Bxd6 Bc8 0-1

[Event "Interclubs Adultes"]
[Site "LYON OE"]
[Date "2008.02.10"]
[Round "7.4"]
[White "Monsieux, Cyril"]
[Black "Duquesnoy, Jean-Philippe"]
[Result "1/2-1/2"]
[WhiteElo "2338"]
[BlackElo "2237"]
[PlyCount "76"]
[EventDate "2008.02.10"]
[WhiteTeam "Belfort"]
[BlackTeam "Avignon"]

1. e4 c5 2. Nf3 e6 3. d4 cxd4 4. Nxd4 Nf6 5. Bd3 Nc6 6. Nxc6 dxc6 7. Nd2 e5 8.
Nc4 Be6 9. Qe2 Nd7 10. Bd2 Be7 11. Bc3 f6 12. Na5 Nc5 13. Bc4 Bxc4 14. Nxc4 b5
15. Ne3 g6 16. O-O Ne6 17. a4 a6 18. Rfd1 Qc8 19. axb5 axb5 20. Qg4 Kf7 21.
Rxa8 Qxa8 22. h4 b4 23. Be1 h5 24. Qe2 Rd8 25. Rxd8 Qxd8 26. Qc4 Qd6 27. c3
bxc3 28. Bxc3 Kg7 29. g3 Nd4 30. Kg2 Qc5 31. f4 Bd6 32. b4 Qxc4 33. Nxc4 Bc7
34. fxe5 fxe5 35. Na5 Nb5 36. Bb2 Na7 37. Bc1 c5 38. Bd2 cxb4 1/2-1/2

[Event "Interclubs Adultes"]
[Site "LYON OE"]
[Date "2008.02.10"]
[Round "7.5"]
[White "Meynard, Thibault"]
[Black "Touze, Jean-Paul"]
[Result "1-0"]
[WhiteElo "2289"]
[BlackElo "2075"]
[PlyCount "93"]
[EventDate "2008.02.10"]
[WhiteTeam "Avignon"]
[BlackTeam "Belfort"]

1. d4 g6 2. e4 Bg7 3. c4 c5 4. d5 d6 5. Bd3 e5 6. dxe6 Bxe6 7. Nf3 Nc6 8. Nc3
Nge7 9. h3 h6 10. Be3 O-O 11. Qd2 g5 12. Rd1 Qa5 13. O-O Rad8 14. a3 Ng6 15.
Be2 Nge5 16. Nd5 Qxd2 17. Nxd2 Ng6 18. b4 b6 19. Nb3 Rd7 20. b5 Nce5 21. Rd2
Rfd8 22. Rfd1 f5 23. exf5 Bxf5 24. a4 Be6 25. a5 Bxd5 26. Rxd5 Ne7 27. R5d2 d5
28. Bxc5 bxc5 29. Nxc5 d4 30. Nxd7 Rxd7 31. Kf1 N5g6 32. Bg4 Rd8 33. c5 Nf4 34.
c6 h5 35. c7 Rd5 36. b6 axb6 37. axb6 Rb5 38. Re1 Nfg6 39. Bxh5 Ne5 40. Rxd4
Rxb6 41. Rd8+ Kh7 42. Re8 N5c6 43. R1xe7 Nxe7 44. Rxe7 Rc6 45. Bg4 Rc1+ 46. Ke2
Rc2+ 47. Kd1 1-0

[Event "Interclubs Adultes"]
[Site "LYON OE"]
[Date "2008.02.10"]
[Round "7.6"]
[White "Monsieux, Sebastien"]
[Black "Cursoux, Laurent"]
[Result "1/2-1/2"]
[WhiteElo "2106"]
[BlackElo "2249"]
[PlyCount "93"]
[EventDate "2008.02.10"]
[WhiteTeam "Belfort"]
[BlackTeam "Avignon"]

1. d4 Nf6 2. c4 c5 3. d5 b5 4. cxb5 a6 5. bxa6 Bxa6 6. Nc3 g6 7. f4 d6 8. Nf3
Bg7 9. e4 Bxf1 10. Rxf1 Nfd7 11. Qe2 O-O 12. Kf2 Na6 13. Kg1 Nb6 14. Kh1 Qd7
15. e5 Qb7 16. e6 f5 17. Ng5 Nc7 18. Qf3 Ra7 19. Qh3 h5 20. Ne2 Nbxd5 21. Ng3
Nf6 22. b3 Qd5 23. Bb2 Nxe6 24. Bxf6 Nxf4 25. Rxf4 Bxf6 26. Nxh5 gxh5 27. Qxh5
e6 28. Rg1 Rg7 29. Nh3 Rh7 30. Qg6+ Rg7 31. Qh5 Rh7 32. Qg6+ Kh8 33. Ng5 Rg7
34. Qh6+ Kg8 35. Nh3 Rh7 36. Qg6+ Bg7 37. Rf3 Rh6 38. Qg5 Rff6 39. Rgf1 Rhg6
40. Qh5 Rh6 41. Qe8+ Rf8 42. Qe7 Be5 43. Qg5+ Kh7 44. Qe7+ Kg8 45. Qg5+ Kh7 46.
Qe7+ Kg8 47. Qg5+ 1/2-1/2

[Event "Interclubs Adultes"]
[Site "LYON OE"]
[Date "2008.02.10"]
[Round "7.7"]
[White "Salus, Stephane"]
[Black "Tachikart, Yassin"]
[Result "1/2-1/2"]
[WhiteElo "2197"]
[BlackElo "2098"]
[PlyCount "90"]
[EventDate "2008.02.10"]
[WhiteTeam "Avignon"]
[BlackTeam "Belfort"]

1. d4 d5 2. c4 c6 3. Nf3 Nf6 4. e3 a6 5. Nbd2 Bf5 6. Nh4 Bg4 7. f3 Bd7 8. g3 g6
9. c5 Bg7 10. Qb3 Qc7 11. f4 O-O 12. Bg2 Ng4 13. O-O a5 14. a4 Na6 15. Ndf3
Rab8 16. Qb6 Qxb6 17. cxb6 Nb4 18. Ra3 f6 19. Bd2 Ra8 20. Rc1 Rfe8 21. Bf1 e6
22. h3 Nh6 23. Raa1 Bf8 24. Ng2 Nf7 25. g4 e5 26. Bc3 Bd6 27. Nd2 exf4 28. exf4
Nd8 29. Kf2 Ne6 30. Kf3 Kf7 31. Nb3 Rec8 32. Bd2 c5 33. dxc5 Nxc5 34. Nxa5 Rxa5
35. Bxb4 Rxa4 36. Rxa4 Bxa4 37. Ba3 Rc6 38. Ne3 Ne4 39. Rxc6 Bxc6 40. Bxd6 Nxd6
41. Nc2 Nc8 42. Ke3 Nxb6 43. Kd4 Ke7 44. Ne3 Kd6 45. Bg2 Ke6 1/2-1/2

[Event "Interclubs Adultes"]
[Site "LYON OE"]
[Date "2008.02.10"]
[Round "7.8"]
[White "Cechetto, Lea"]
[Black "Bomba, Melody"]
[Result "0-1"]
[WhiteElo "1732"]
[BlackElo "1852"]
[PlyCount "140"]
[EventDate "2008.02.10"]
[WhiteTeam "Belfort"]
[BlackTeam "Avignon"]

1. e4 e5 2. Nf3 Nc6 3. Bc4 Be7 4. c3 Nf6 5. d3 d6 6. Bb3 Bg4 7. Nbd2 Qd7 8. Nf1
d5 9. Qe2 d4 10. Bd2 dxc3 11. bxc3 O-O-O 12. Bc2 h6 13. h3 Be6 14. Rd1 Bxa2 15.
Ra1 Be6 16. Ng3 Bc5 17. O-O g5 18. Nh2 Rdg8 19. Be3 Bxe3 20. fxe3 Ne8 21. d4
exd4 22. cxd4 Nxd4 23. exd4 Qxd4+ 24. Kh1 Kb8 25. Rad1 Qc3 26. Rd3 Qa5 27. Rb1
Nd6 28. Qf3 Qa2 29. Rd2 b6 30. Rf2 Rd8 31. Ng4 h5 32. Ne5 Kb7 33. Nxh5 Qa5 34.
Qf6 Rxh5 35. Qxd8 Qxe5 36. Qe7 g4 37. h4 Qg3 38. Qf6 Rxh4+ 39. Kg1 Qh2+ 40. Kf1
Bc4+ 41. Ke1 Qg1+ 42. Kd2 Qh2 43. g3 Qxg3 44. Qd4 Rh2 45. Rxh2 Qxh2+ 46. Kc1
Qf4+ 47. Kb2 g3 48. Rg1 Qf2 49. Qd1 Be2 50. Qc1 g2 51. e5 Nc4+ 52. Ka1 Nxe5 53.
Be4+ Kc8 54. Rxg2 Qd4+ 55. Qb2 Qxe4 56. Rxe2 Qa4+ 57. Kb1 Qd1+ 58. Ka2 Qd5+ 59.
Ka1 f6 60. Rc2 Kb7 61. Qc3 c5 62. Rd2 Qc6 63. Kb2 Qb5+ 64. Kc1 Qf1+ 65. Kc2
Qf5+ 66. Kc1 Qe6 67. Rh2 a6 68. Rh7+ Kc6 69. Rh6 Qf5 70. Kb2 b5 0-1

[Event "Interclubs Adultes"]
[Site "LYON OE"]
[Date "2008.02.10"]
[Round "7.1"]
[White "Van Elst, Andreas"]
[Black "Shirazi, Kamran"]
[Result "0-1"]
[WhiteElo "2350"]
[BlackElo "2422"]
[PlyCount "84"]
[EventDate "2008.02.10"]
[WhiteTeam "C.E.I. Toulouse"]
[BlackTeam "Lutèce Echecs"]

1. d4 Nf6 2. c4 c5 3. e3 g6 4. Nc3 Bg7 5. Nf3 O-O 6. Be2 cxd4 7. exd4 d5 8. O-O
Nc6 9. h3 dxc4 10. Bxc4 Na5 11. Be2 Be6 12. Ne5 Rc8 13. Qa4 a6 14. Rd1 Nd5 15.
Bd2 Nc6 16. Bf3 b5 17. Qxa6 Nxd4 18. Nxd5 Bxe5 19. Ba5 Nxf3+ 20. gxf3 Qe8 21.
Bb4 Bxd5 22. Rxd5 Bxb2 23. Re1 Bf6 24. Qxb5 Rc6 25. Kg2 Rc7 26. Qxe8 Rxe8 27.
Red1 Rc4 28. a3 e6 29. Rd7 Ra8 30. R1d3 h5 31. Rb7 Bd4 32. Rd7 Bf6 33. Rb7 Bd4
34. Rd7 e5 35. f4 Rc2 36. fxe5 Rxf2+ 37. Kg3 h4+ 38. Kxh4 Bxe5 39. Rd8+ Rxd8
40. Rxd8+ Kg7 41. Bd2 Rg2 42. Rd5 Bf6+ 0-1

[Event "Interclubs Adultes"]
[Site "LYON OE"]
[Date "2008.02.10"]
[Round "7.2"]
[White "Babault, Patrice"]
[Black "Tournier, Mathieu"]
[Result "1-0"]
[WhiteElo "2320"]
[BlackElo "2224"]
[PlyCount "61"]
[EventDate "2008.02.10"]
[WhiteTeam "Lutèce Echecs"]
[BlackTeam "C.E.I. Toulouse"]

1. e4 e5 2. Nf3 Nc6 3. Bb5 a6 4. Ba4 Nf6 5. O-O b5 6. Bb3 Bc5 7. d3 d6 8. a4
Rb8 9. axb5 axb5 10. h3 h6 11. c3 O-O 12. Re1 Re8 13. Nbd2 Bb6 14. Nf1 Be6 15.
Ne3 d5 16. exd5 Nxd5 17. Ng4 f6 18. d4 e4 19. Rxe4 f5 20. Nxh6+ gxh6 21. Rh4
Na5 22. Bc2 c5 23. Rxh6 Bf7 24. Bxf5 cxd4 25. cxd4 Bc7 26. Ne5 Nf6 27. Bg5 Bxe5
28. dxe5 Qxd1+ 29. Rxd1 Nd5 30. e6 Bxe6 31. Bxe6+ 1-0

[Event "Interclubs Adultes"]
[Site "LYON OE"]
[Date "2008.02.10"]
[Round "7.3"]
[White "Rasch, Holger"]
[Black "Lamorelle, Julien"]
[Result "1-0"]
[WhiteElo "2263"]
[BlackElo "2196"]
[PlyCount "67"]
[EventDate "2008.02.10"]
[WhiteTeam "C.E.I. Toulouse"]
[BlackTeam "Lutèce Echecs"]

1. e4 c5 2. c3 d5 3. exd5 Qxd5 4. d4 Nc6 5. Nf3 Bg4 6. Be2 cxd4 7. cxd4 Nf6 8.
Nc3 Qa5 9. h3 Bh5 10. d5 Rd8 11. Qb3 Bxf3 12. gxf3 Nd4 13. Qxb7 Nxe2 14. Qc6+
Rd7 15. Kxe2 Nxd5 16. Rd1 e6 17. Be3 Nxc3+ 18. bxc3 Qc7 19. Qa4 Bd6 20. c4 Ke7
21. c5 Be5 22. Rxd7+ Qxd7 23. c6 Qc7 24. Rd1 Rd8 25. Rxd8 Kxd8 26. Bxa7 Ke7 27.
Bc5+ Kf6 28. Qb5 Qd8 29. Bb6 Bc7 30. Bxc7 Qxc7 31. Qc5 e5 32. a4 Ke6 33. a5 Qd6
34. Qc4+ 1-0

[Event "Interclubs Adultes"]
[Site "LYON OE"]
[Date "2008.02.10"]
[Round "7.4"]
[White "Carpentier, Pierre"]
[Black "Luminais, Eric"]
[Result "1-0"]
[WhiteElo "2193"]
[BlackElo "2233"]
[PlyCount "49"]
[EventDate "2008.02.10"]
[WhiteTeam "Lutèce Echecs"]
[BlackTeam "C.E.I. Toulouse"]

1. e4 c5 2. Nc3 Nc6 3. g3 a6 4. Bg2 b5 5. a3 e6 6. d3 Rb8 7. f4 Nge7 8. Be3 Nd4
9. Nge2 Nxe2 10. Nxe2 Nc6 11. O-O Bb7 12. c3 d5 13. exd5 exd5 14. d4 c4 15. f5
Na5 16. Nf4 Nb3 17. Rb1 Be7 18. Qg4 g6 19. fxg6 hxg6 20. Nxg6 Rg8 21. Rxf7 Bc8
22. Qh5 Kxf7 23. Ne5+ Ke6 24. Qf7+ Kd6 25. Qxd5+ 1-0

[Event "Interclubs Adultes"]
[Site "LYON OE"]
[Date "2008.02.10"]
[Round "7.5"]
[White "Heinis, Vincent"]
[Black "Maleki, Nicolas"]
[Result "1-0"]
[WhiteElo "2184"]
[BlackElo "2193"]
[PlyCount "73"]
[EventDate "2008.02.10"]
[WhiteTeam "C.E.I. Toulouse"]
[BlackTeam "Lutèce Echecs"]

1. d4 d5 2. Nf3 Nf6 3. c4 c6 4. Nc3 dxc4 5. a4 Bf5 6. e3 e6 7. Bxc4 Bb4 8. O-O
O-O 9. Qe2 Bg6 10. Ne5 Qa5 11. Nxg6 hxg6 12. e4 e5 13. dxe5 Qxe5 14. f4 Qe7 15.
e5 Nd5 16. Ne4 Nd7 17. Rd1 N7b6 18. Bb3 Rad8 19. a5 Na8 20. Be3 Nac7 21. g3 g5
22. Nxg5 g6 23. Bxa7 Bc5+ 24. Bxc5 Qxc5+ 25. Kh1 Kg7 26. f5 f6 27. Bxd5 Rxd5
28. Ne4 Qc2 29. exf6+ Rxf6 30. Nxf6 Kxf6 31. fxg6 Kxg6 32. Rxd5 Nxd5 33. Qg4+
Kh6 34. Re1 Nf6 35. Qf4+ Kg6 36. g4 Qb3 37. Qf5+ 1-0

[Event "Interclubs Adultes"]
[Site "LYON OE"]
[Date "2008.02.10"]
[Round "7.6"]
[White "Wunderman, Xavier"]
[Black "Pasquier, Thomas"]
[Result "0-1"]
[WhiteElo "2136"]
[BlackElo "2235"]
[PlyCount "64"]
[EventDate "2008.02.10"]
[WhiteTeam "Lutèce Echecs"]
[BlackTeam "C.E.I. Toulouse"]

1. e4 c5 2. Nc3 Nc6 3. Bb5 Nd4 4. Bc4 e6 5. Nf3 Ne7 6. O-O Nec6 7. d3 Be7 8.
Nxd4 cxd4 9. Ne2 O-O 10. Bb3 Kh8 11. f4 f5 12. Rf3 Qb6 13. exf5 exf5 14. Rh3 g6
15. Bd2 d6 16. Qe1 Bd7 17. Qg3 Kg7 18. Kh1 Rae8 19. Ng1 Na5 20. Bxa5 Qxa5 21.
Nf3 Bf6 22. Ng5 Rh8 23. Qf2 Re7 24. Rg3 Rhe8 25. Rg1 Re2 26. Qf3 Bc6 27. Ne4
Re1 28. Qf2 Rxg1+ 29. Kxg1 fxe4 30. dxe4 Rxe4 31. c3 dxc3 32. bxc3 Qc5 0-1

[Event "Interclubs Adultes"]
[Site "LYON OE"]
[Date "2008.02.10"]
[Round "7.7"]
[White "Benmesbah, Natacha"]
[Black "Le Roux, Yann-Erle"]
[Result "1/2-1/2"]
[WhiteElo "2211"]
[BlackElo "1991"]
[PlyCount "78"]
[EventDate "2008.02.10"]
[WhiteTeam "C.E.I. Toulouse"]
[BlackTeam "Lutèce Echecs"]

1. e4 c6 2. c4 d5 3. cxd5 cxd5 4. exd5 Qxd5 5. Nc3 Qd8 6. d4 e6 7. Nf3 Nf6 8.
Bd3 Be7 9. O-O O-O 10. a3 b6 11. Qe2 Bb7 12. Rd1 Nbd7 13. Bg5 h6 14. Bh4 Nd5
15. Bg3 a6 16. Rac1 N7f6 17. Ne5 Nxc3 18. Rxc3 Nd5 19. Rcc1 Bg5 20. Rc2 b5 21.
Nc6 Qb6 22. Ne5 Rad8 23. Be4 f5 24. Bxd5 Bxd5 25. f4 Bf6 26. Qe3 Bxe5 27. fxe5
Rc8 28. Rdc1 Rxc2 29. Rxc2 Qb7 30. Bf4 Rc8 31. Qc1 Rxc2 32. Qxc2 Be4 33. Qd2
Qd5 34. h4 Qc4 35. Qf2 Qc2 36. Qxc2 Bxc2 37. Kf2 Kf7 38. Bd2 Bb3 39. g3 Bd5
1/2-1/2

[Event "Interclubs Adultes"]
[Site "LYON OE"]
[Date "2008.02.10"]
[Round "7.8"]
[White "Dacalor, Aurelie"]
[Black "Planell, Eric"]
[Result "1-0"]
[WhiteElo "2033"]
[BlackElo "2177"]
[PlyCount "81"]
[EventDate "2008.02.10"]
[WhiteTeam "Lutèce Echecs"]
[BlackTeam "C.E.I. Toulouse"]

1. d4 Nf6 2. c4 c5 3. d5 b5 4. cxb5 a6 5. Nc3 g6 6. e4 d6 7. a4 Bg7 8. f3 O-O
9. Bd3 Nbd7 10. Nge2 Ne5 11. Bc2 Bd7 12. bxa6 Qb6 13. b3 Nh5 14. Rb1 f5 15. O-O
f4 16. Bd2 g5 17. Kh1 Rf6 18. Qe1 Qxa6 19. Ng1 Ng3+ 20. hxg3 Rh6+ 21. Nh3 Bxh3
22. gxf4 Bd7+ 23. Kg1 gxf4 24. Bxf4 Rg6 25. Ne2 Bh3 26. Bg3 Rf8 27. f4 Bg4 28.
Nc1 Nd7 29. Bh2 Bh3 30. Bg3 Bd4+ 31. Kh2 Bg4 32. Bh4 Bc3 33. Qxc3 Qxf1 34. Nd3
Bd1 35. Bg5 Qe2 36. Bxd1 Qxe4 37. Bf3 Qf5 38. Re1 Nf6 39. Rxe7 Ng4+ 40. Kg1 h6
41. Be4 1-0